|
|
|
|
| LEADER |
00873nab a2200253 i 4500 |
| 001 |
publ21139 |
| 005 |
20210401101045.0 |
| 008 |
210401s2021 hu o 0|| zxx d |
| 022 |
|
|
|a 1031-3613
|
| 024 |
7 |
|
|a 10.1071/RD20264
|2 doi
|
| 024 |
7 |
|
|a 31881922
|2 mtmt
|
| 040 |
|
|
|a SZTE Publicatio Repozitórium
|b hun
|
| 041 |
|
|
|a zxx
|
| 100 |
1 |
|
|a Loi Pasqualino
|
| 245 |
1 |
0 |
|a Dry storage of mammalian spermatozoa and cells
|h [elektronikus dokumentum] :
|b state-of-the-art and possible future directions /
|c Loi Pasqualino
|
| 260 |
|
|
|c 2021
|
| 300 |
|
|
|a 82-90
|
| 490 |
0 |
|
|a REPRODUCTION FERTILITY AND DEVELOPMENT
|v 33 No. 2
|
| 700 |
0 |
1 |
|a Anzalone Debora Agata
|e aut
|
| 700 |
0 |
1 |
|a Palazzese Luca
|e aut
|
| 700 |
0 |
1 |
|a Dinnyés András
|e aut
|
| 700 |
0 |
1 |
|a Saragusty Joseph
|e aut
|
| 700 |
0 |
1 |
|a Czernik Marta
|e aut
|
| 856 |
4 |
0 |
|u http://publicatio.bibl.u-szeged.hu/21139/1/RD20264
|z Dokumentum-elérés
|